Enstein for beginners

Bibliographic Details
Main Author: Schwartz, Joseph
Other Authors: McGuinness, Michael
Format: Book
Subjects:

MARC

LEADER 00000cam a2200000 7i4500
001 0000009366
002 000010200
005 .0
020 |a 1874166021 
090 0 0 |a 530.11   |b SCH 
100 1 |a Schwartz, Joseph 
245 1 0 |a Enstein for beginners   |c Joseph Schwartz and Michael McGuinness 
300 |a 169p. ;   |c 18cm. 
650 0 0 |a Gravitation 
650 0 0 |a Relativing (Physics) 
700 1 |a McGuinness, Michael 
999 |a 042011   |b BUKU   |c PINJAMAN   |e PERPUSTAKAAN KOMUNITI PETALING JAYA 
999 |a 042012   |b BUKU   |c PINJAMAN   |e PERPUSTAKAAN KOMUNITI PETALING JAYA